Από τον Hegel στον Nietzsche : το επαναστατικό ρήγμα στη σκέψη του δέκατου ένατου αιώνα
Αποθηκεύτηκε σε:
| Κύριος συγγραφέας: | |
|---|---|
| Άλλοι συγγραφείς: | |
| Μορφή: | Βιβλίο |
| Γλώσσα: | Greek |
| Δημοσίευση: |
Αθήνα :
Γνώση,
1987
|
| Σειρά: | Φιλοσοφική και πολιτική βιβλιοθήκη ;
; 19 |
| Θέματα: | |
| Ετικέτες: |
Προσθήκη ετικέτας
Δεν υπάρχουν, Καταχωρήστε ετικέτα πρώτοι!
|
MARC
| LEADER | 00000cam a2200000 i 4500 | ||
|---|---|---|---|
| 001 | 1/84890 | ||
| 008 | 950602s1987 gr | ||| |||| ||gre|| | ||
| 035 | |a 1991 |b 3 |c Χιωτάκης |l 10034555 | ||
| 040 | |a GR-MY-UA |b gre |e aacr | ||
| 041 | 0 | |a gre | |
| 082 | 0 | |a 190.9034 | |
| 100 | 1 | |a Lowith, Karl |d 1897-1973. | |
| 245 | 1 | 0 | |a Από τον Hegel στον Nietzsche : |b το επαναστατικό ρήγμα στη σκέψη του δέκατου ένατου αιώνα / |c Karl Lowith ; μετάφραση Γεωργία Αποστολοπούλου |
| 246 | 3 | 4 | |a Από τον Χέγκελ στον Νίτσε |b ; το επαναστατικό ρήγμα στη σκέψη του δέκατου ένατου αιώνα |
| 260 | |a Αθήνα : |b Γνώση, |c 1987 | ||
| 300 | |a 2 τ. | ||
| 490 | 1 | |a Φιλοσοφική και πολιτική βιβλιοθήκη |v ; 19 | |
| 580 | |a Translation of: Von Hegel zu Nietzsche | ||
| 600 | 0 | 0 | |a Hegel, Georg Wilhelm Friedrich, |d 1770-1831. |
| 650 | 0 | 0 | |a Philosophy, Modern |y 19th century. |
| 650 | 0 | 0 | |a Sociology. |
| 650 | 0 | 0 | |a Religious thought |y 19th century. |
| 700 | 1 | |a Αποστολοπούλου, Γεωργία. |4 trl | |
| 730 | 0 | |a Von Hegel zu Nietzsche. | |
| 830 | 0 | |a Φιλοσοφική και πολιτική βιβλιοθήκη ; |v ; 19 | |
| 852 | |a INST |b LESVOS |e 19950602 |h 190.9034 LOW |p 005100000343 |q 005100000343 |t BK |y 0 |z τ.1 | ||
| 852 | |a INST |b LESVOS |e 19980217 |h 190.9034 LOW |p 005100013401 |q 005100013401 |t BK |y 0 |z τ.2 | ||
| 852 | |a INST |b LESVOS |e 19950602 |h 190.9034 LOW |p 005100000343 |q 005100000343 |t BK |v τ.1: |y 0 |z τ.1 | ||
| 852 | |a INST |b LESVOS |e 19980217 |h 190.9034 LOW |p 005100013401 |q 005100013401 |t BK |v τ.2: |y 0 |z τ.2 | ||
| 852 | |a INST |b RHODES |e 19960909 |h 190.9034 LOE |p 005400008358 |q 005400008358 |t BK |y 0 |z τ.1 | ||
| 852 | |a INST |b RHODES |e 19960909 |h 190.9034 LOE |p 005400008359 |q 005400008359 |t BK |y 0 |z τ.2 | ||
| 852 | |a INST |b RHODES |e 19960909 |h 190.9034 LOE |p 005400008358 |q 005400008358 |t BK |v τ.1: |y 0 |z τ.1 | ||
| 852 | |a INST |b RHODES |e 19960909 |h 190.9034 LOE |p 005400008359 |q 005400008359 |t BK |v τ.2: |y 0 |z τ.2 | ||
| 853 | |a INST |b LESVOS |h 190.9034 LOW | ||
| 853 | |a INST |b RHODES |h 190.9034 LOE | ||
| 909 | |a Ρ |b 021947 | ||
| 909 | |a Λ |b 011353 | ||
| 909 | |a Ρ |b 021948 | ||
| 922 | |a 1ΕΛΗ |b 198807 |c ΠΠ/8114 | ||